[Event "Oberliga Bayern 9596"]
[Site "Bayern"]
[Date "1996.??.??"]
[Round "?"]
[White "Molineus, Stefan"]
[Black "Kirchner, Thomas"]
[Result "1/2-1/2"]
[WhiteElo "2210"]
[BlackElo "2245"]
[PlyCount "20"]
[EventDate "1995.10.15"]
[EventType "team-tourn"]
[EventRounds "9"]
[EventCountry "GER"]
[SourceTitle "EXT 2020"]
[Source "ChessBase"]
[SourceDate "2019.10.17"]
[SourceVersion "1"]
[SourceVersionDate "2019.10.17"]
[SourceQuality "1"]
[WhiteTeam "Pasing"]
[BlackTeam "Nuernberg Noris Tarrasch"]
[WhiteTeamCountry "GER"]
[BlackTeamCountry "GER"]

1. d4 Nf6 2. Bg5 g6 3. Bxf6 exf6 4. e3 Bg7 5. Ne2 d6 6. c3 0-0 7. Nd2 b6 8. h4 h5 9. Nf4 f5 10. Bc4 Qf6 1/2-1/2

[Event "Oberliga Bayern 9596"]
[Site "Bayern"]
[Date "1996.??.??"]
[Round "?"]
[White "Scheidt, Karlheinz"]
[Black "Molineus, Stefan"]
[Result "0-1"]
[WhiteElo "1955"]
[BlackElo "2210"]
[PlyCount "114"]
[EventDate "1995.10.15"]
[EventType "team-tourn"]
[EventRounds "9"]
[EventCountry "GER"]
[SourceTitle "EXT 2020"]
[Source "ChessBase"]
[SourceDate "2019.10.17"]
[SourceVersion "1"]
[SourceVersionDate "2019.10.17"]
[SourceQuality "1"]
[WhiteTeam "Kitzingen SC"]
[BlackTeam "Pasing"]
[WhiteTeamCountry "GER"]
[BlackTeamCountry "GER"]

1. e4 c5 2. c3 d6 3. Nf3 Nf6 4. h3 Nc6 5. Bd3 e5 6. 0-0 Be7 7. Bc2 0-0 8. Re1 Qc7 9. d4 Bd7 10. dxc5 dxc5 11. Na3 Rad8 12. Qe2 h6 13. Nc4 Rfe8 14. Ne3 Be6 15. c4 Nd4 16. Nxd4 exd4 17. Nd5 Bxd5 18. exd5 Bd6 19. Qd1 Rxe1+ 20. Qxe1 Re8 21. Qd1 Bh2+ 22. Kf1 Bf4 23. Bxf4 Qxf4 24. g3 Qe5 25. Qd3 g6 26. Rd1 Ne4 27. Kg2 Nd6 28. b4 cxb4 29. Qxd4 Qxd4 30. Rxd4 b6 31. Kf1 Kg7 32. Bd3 Kf6 33. Rf4+ Ke5 34. h4 f5 35. h5 g5 36. Rf3 f4 37. gxf4+ gxf4 38. Be2 Rc8 39. a3 Nxc4 40. Bxc4 Rxc4 41. axb4 Rxb4 42. Rd3 Kd6 43. Ke2 Rb5 44. Kf3 Rxd5 45. Ra3 a5 46. Kg4 Rg5+ 47. Kh4 Kc6 48. Ra1 Rf5 49. Rb1 Kc7 50. Rg1 a4 51. Rg7+ Kb8 52. Rg6 Rb5 53. Rxh6 a3 54. Rh8+ Kb7 55. Rh7+ Kc6 56. Rf7 a2 57. Rf6+ Kd7 0-1

[Event "Oberliga Bayern 9596"]
[Site "Bayern"]
[Date "1995.??.??"]
[Round "?"]
[White "Pfretzschner, Roland"]
[Black "Molineus, Stefan"]
[Result "1-0"]
[WhiteElo "2250"]
[BlackElo "2210"]
[PlyCount "73"]
[EventDate "1995.10.15"]
[EventType "team-tourn"]
[EventRounds "9"]
[EventCountry "GER"]
[SourceTitle "EXT 2020"]
[Source "ChessBase"]
[SourceDate "2019.10.17"]
[SourceVersion "1"]
[SourceVersionDate "2019.10.17"]
[SourceQuality "1"]
[WhiteTeam "Hof SK"]
[BlackTeam "Pasing"]
[WhiteTeamCountry "GER"]
[BlackTeamCountry "GER"]

1. e4 c5 2. Nf3 e6 3. Nc3 a6 4. d4 cxd4 5. Nxd4 b5 6. g3 Bb7 7. Bg2 Nf6 8. Bg5 h6 9. Bxf6 Qxf6 10. 0-0 Nc6 11. Nxc6 dxc6 12. Qe2 e5 13. Qe3 Bd6 14. Rad1 0-0 15. Rd3 Qe7 16. Rfd1 Rad8 17. Qb6 b4 18. Na4 Bc8 19. Qxc6 Bc7 20. Nb6 Be6 21. Nd5 Bxd5 22. Rxd5 Rxd5 23. Rxd5 Rd8 24. Qxa6 Rxd5 25. exd5 Bd6 26. c3 bxc3 27. Qc8+ Kh7 28. Qxc3 g6 29. a3 Bc5 30. b4 Bd4 31. Qc2 Kg7 32. h3 h5 33. h4 g5 34. Qf5 gxh4 35. Be4 Qc7 36. Qg5+ Kf8 37. Qh6+ 1-0

[Event "Landesliga Sued 9495"]
[Site "Bayern"]
[Date "1994.11.06"]
[Round "2.4"]
[White "Molineus, Stefan"]
[Black "Wehr, Stephan"]
[Result "1-0"]
[WhiteElo "2180"]
[BlackElo "2160"]
[PlyCount "87"]
[EventDate "1994.10.09"]
[EventType "team-tourn"]
[EventRounds "9"]
[EventCountry "GER"]
[SourceTitle "EXT 1999"]
[Source "ChessBase"]
[SourceDate "1998.11.16"]
[SourceVersion "1"]
[SourceVersionDate "1998.11.16"]
[SourceQuality "1"]
[WhiteTeam "Pasing"]
[BlackTeam "Starnberg SC"]
[WhiteTeamCountry "GER"]
[BlackTeamCountry "GER"]

1. d4 d5 2. c4 c6 3. Nc3 Nf6 4. Nf3 dxc4 5. a4 Bg4 6. Ne5 Bh5 7. g3 e6 8. Bg2 Bb4 9. 0-0 0-0 10. Nxc4 a5 11. h3 Re8 12. g4 Bg6 13. Bg5 Na6 14. e4 Be7 15. e5 Nd5 16. Bxe7 Rxe7 17. f4 f5 18. Bxd5 cxd5 19. Ne3 Rf7 20. Nb5 Qh4 21. Ra3 fxg4 22. Qxg4 Qxg4+ 23. hxg4 Raf8 24. f5 exf5 25. gxf5 Bxf5 26. Nd6 Be6 27. Nxf7 Rxf7 28. Rc3 g5 29. Rcc1 h5 30. Rxf7 Kxf7 31. Rf1+ Ke7 32. Nf5+ Bxf5 33. Rxf5 Nb4 34. Rxg5 Nc2 35. Rg7+ Ke6 36. Rg6+ Ke7 37. Kf2 Nxd4 38. Ke3 Ne6 39. Rh6 Nc5 40. Kd4 Nxa4 41. b3 Nb2 42. Kxd5 Nd3 43. Rh7+ Ke8 44. Kd6 1-0

[Event "Landesliga Sued 9495"]
[Site "Bayern"]
[Date "1994.10.09"]
[Round "1.4"]
[White "Molineus, Stefan"]
[Black "Gayer, Michael"]
[Result "1/2-1/2"]
[WhiteElo "2180"]
[BlackElo "2065"]
[PlyCount "58"]
[EventDate "1994.10.09"]
[EventType "team-tourn"]
[EventRounds "9"]
[EventCountry "GER"]
[SourceTitle "EXT 2020"]
[Source "ChessBase"]
[SourceDate "2019.10.17"]
[SourceVersion "1"]
[SourceVersionDate "2019.10.17"]
[SourceQuality "1"]
[WhiteTeam "Pasing"]
[BlackTeam "Krumbach"]
[WhiteTeamCountry "GER"]
[BlackTeamCountry "GER"]

1. e4 c5 2. Nf3 d6 3. d4 cxd4 4. Nxd4 Nf6 5. Nc3 a6 6. Bg5 e6 7. Qd2 Be7 8. Be2 Qc7 9. a4 Nbd7 10. f3 Ne5 11. a5 Bd7 12. Na4 0-0 13. Nb6 Rad8 14. 0-0 Bc6 15. c4 d5 16. Nxc6 bxc6 17. cxd5 cxd5 18. exd5 Nxd5 19. Bxe7 Qxe7 20. Nxd5 Rxd5 21. Qe3 Qb4 22. f4 Nc4 23. Bxc4 Qxc4 24. b3 Qb5 25. Qb6 Rb8 26. Qxb5 Rbxb5 27. Rfc1 g6 28. Rc6 Rxb3 29. Ra2 Rd1+ 1/2-1/2

[Event "Imperia op-A 36th"]
[Site "Imperia"]
[Date "1994.09.07"]
[Round "5.21"]
[White "Lebel, Patrick"]
[Black "Molineus, Stefan"]
[Result "1-0"]
[WhiteElo "2195"]
[BlackElo "2200"]
[PlyCount "99"]
[EventDate "1994.09.03"]
[EventType "swiss"]
[EventRounds "9"]
[EventCountry "ITA"]
[SourceTitle "EXT 2024"]
[Source "ChessBase"]
[SourceDate "2023.10.10"]
[SourceVersion "1"]
[SourceVersionDate "2023.10.10"]
[SourceQuality "1"]

1. d4 d5 2. Nf3 c6 3. e3 Nf6 4. Bd3 Nbd7 5. b3 e6 6. Bb2 Bd6 7. Nbd2 Qc7 8. c4 c5 9. 0-0 0-0 10. Rc1 b6 11. cxd5 exd5 12. dxc5 bxc5 13. e4 Be5 14. Nxe5 Nxe5 15. Bxe5 Qxe5 16. Rxc5 Bg4 17. Qc2 Rac8 18. Rc1 Rxc5 19. Qxc5 Qf4 20. Qe3 Qxe3 21. fxe3 dxe4 22. Nxe4 Nd5 23. Nf2 Be6 24. e4 Nb4 25. Bb1 Rc8 26. Rxc8+ Bxc8 27. Nd3 Nc6 28. Kf2 Kf8 29. Ke3 Ke7 30. Bc2 Kd6 31. b4 Ba6 32. a3 Bc4 33. Ba4 Nd8 34. Kd4 Ba2 35. e5+ Kc7 36. Nc5 Kb6 37. Bb3 Nc6+ 38. Kd5 Ne7+ 39. Kd6 Nf5+ 40. Kd7 Bxb3 41. Nxb3 Ne3 42. Ke7 Nc4 43. Kxf7 Nxe5+ 44. Kxg7 h5 45. Nd4 Ng4 46. Kg6 h4 47. Kg5 Nxh2 48. Kxh4 a5 49. g4 axb4 50. axb4 1-0

[Event "Imperia op-A 36th"]
[Site "Imperia"]
[Date "1994.09.06"]
[Round "4.27"]
[White "Molineus, Stefan"]
[Black "Solinas, Carlo"]
[Result "1-0"]
[WhiteElo "2200"]
[BlackElo "2018"]
[PlyCount "63"]
[EventDate "1994.09.03"]
[EventType "swiss"]
[EventRounds "9"]
[EventCountry "ITA"]
[SourceTitle "EXT 2024"]
[Source "ChessBase"]
[SourceDate "2023.10.10"]
[SourceVersion "1"]
[SourceVersionDate "2023.10.10"]
[SourceQuality "1"]

1. d4 Nf6 2. Bg5 g6 3. Bxf6 exf6 4. e3 Bg7 5. Ne2 d5 6. Nd2 0-0 7. c3 Re8 8. Qb3 c6 9. c4 dxc4 10. Nxc4 b5 11. Nd2 Qb6 12. a4 Be6 13. a5 Qc7 14. Qc3 Na6 15. Nf4 Bg4 16. Be2 Bh6 17. Nd5 Qd6 18. Bxg4 cxd5 19. 0-0 f5 20. Bf3 Rac8 21. Qb3 Nb4 22. g3 Rc7 23. Rac1 Rec8 24. Rc3 Rc4 25. Nxc4 dxc4 26. Qa3 Bf8 27. b3 Nd3 28. Qxd6 Bxd6 29. bxc4 bxc4 30. Bd5 Nb2 31. Rb1 Bb4 32. Rc2 1-0